000 00893nam a22003137a 4500
001 BR2010004040
003 BR-BrBNA
005 20230928103534.0
007 ta
008 230509b bl.||||| |||| 00| 0 por d
040 _aBR-BrBNA
_bpor
_cBiblioteca Nacional de Agricultura
041 _a(Por)
072 _aL73
090 _ L73 BR2010004040
110 1 _aFundação Nacional da Saúde, Brasília, DF (Brasil)
_95161
245 1 _aControle, diagnóstico e tratamento da leishmaniose visceral calazar. Normas técnicas
260 3 _aBrasília, DF (Brasil):
_c1994 .
300 _a103 p.
500 _a27 illus.; 6 tables.; 10 ref.
650 _aCONTROLE INTEGRADO
650 _aDIAGNÓSTICO
650 _aZOONOSE
650 _aLEISHMANIOSE
650 _aTRATAMENTO
650 _aVETOR
650 _aEPIDEMIOLOGIA
909 _a202309
_bLucia
_c55
_dLucia Elande
942 _cBK
999 _c75522
_d75522